00720cam a22002411 4500001001300000003000400013005001700017008004100034010001700075035001900092040002600111042001200137050002300149100002200172245006200194260004800256300002800304410004700332504002800379650002600407650002800433999001700461gs 64000221 DLC20260227111414.0780805s1964 dcu b f000 0 eng  ags 64000221  a(OCoLC)4112655 aDLCcOClUdOCoLCdDLC apremarc00aQE75b.B9 no. 11741 aZen, E-an,d1928-10aTaconic stratigraphic names:bdefinitions and synonymies. aWashington,bU.S. Govt. Print. Off.,c1964. aiv, 95 p.bmap.c24 cm.20aGeological Survey (U.S.).tBulletin,v1174 aBibliography: p. 89-94. 0aGeologyxNomenclature 0aGeologyzTaconic Range. c29845d29845